00940nam a2200253 a 450000100100000000500170001000800410002702000150006802000150008304000250009808200220012324500580014525000110020326000400021430000420025449000250029659000270032150000430034865000330039183000290042495201080045395201080056199900170066900004746520201002060544.0081204s2005 dr abc 000 0 spa d a848261732X a8482618199 aDO-SdBNPbspacBNPHU a374bP927ed, 200500aPrepara :b2do. bachillerato, educación de adultos. a3a ed. aSanto Domingo :bSantillana,c2005. a143 p. :bil., map., retrs. ;c28 cm.1 aSantillana adultos ; aInventariado, 2018/ YL aLa biblioteca posee el módulo 3 y 4. 4aEducación de adultos91419 0aSantillana adultos91481 0010718PDaPDbPDcCTd2018-06-06iLF1l0om. 3p47465-10r2020-06-25w2020-06-25yLFPDZNo se presta 0010718PDaPDbPDcCTd2018-06-06iLF1l0om. 4p47465-20r2020-06-25w2020-06-25yLFPDZNo se presta c46953d46953